[Event "Curitiba Sul Region-ch"]
[Site "Curitiba"]
[Date "2017.04.14"]
[Round "2"]
[White "Schilive, Giovanna da Silva"]
[Black "Salvadego, Matheus Henrique De"]
[Result "0-1"]
[WhiteElo "1800"]
[BlackElo "1458"]
[PlyCount "46"]
[EventDate "2017.04.14"]
[EventType "swiss"]
[EventRounds "6"]
[EventCountry "BRA"]
[SourceTitle "CBM 178 Extra"]
[Source "ChessBase"]
[SourceDate "2017.06.22"]
[SourceVersion "1"]
[SourceVersionDate "2017.06.22"]
[SourceQuality "1"]

1. e4 e5 2. Nf3 Nc6 3. Bc4 Bc5 4. 0-0 Nf6 5. Re1 Ng4 6. d3 Bxf2+ 7. Kf1 Bxe1 8. Qxe1 Qf6 9. Qg3 d6 10. Bg5 Qg6 11. h3 Ne3+ 12. Kg1 h6 13. Nh4 Qxg5 14. Qxg5 hxg5 15. Nf3 Nxc2 16. Nxg5 f6 17. Nd2 Nxa1 18. Ngf3 Bxh3 19. gxh3 Rxh3 20. Ne1 Rh4 21. Ng2 Rh3 22. Ne1 Ke7 23. Kg2 Rah8 0-1